000
00330nam a22001457a 4500
008
230626b ||||| |||| 00| 0 eng d
020
_a
9780824746223
041
_a
eng
080
_2
SECOND EDITION
_a
618
082
_a
618JON
100
_a
15
101
_a
GYN
245
_a
LAPAROSCOPIC SURGERY
_c
JONES .B .D
942
_2
udc
_c
BK
999
_c
60046
_d
60046